| 000 | 00792nam a22002417a 4500 | ||
|---|---|---|---|
| 003 | 0 | ||
| 005 | 20250324153403.0 | ||
| 008 | 250324b xxu||||| |||| 00| 0 eng d | ||
| 020 | _a9781265059613 | ||
| 050 |
_aHF 5616 _b.M56 2023 |
||
| 100 | _aMintz, Steve | ||
| 245 |
_a Ethical obligations and decision-making in accounting: _btext and cases _cSteve Mintz and Bill Miller |
||
| 250 | _aSixth edition | ||
| 260 |
_aNew York City _bMcGraw-Hill Education _c2023 |
||
| 300 |
_axxvii, 484 pages ; _c26cm. |
||
| 504 | _aIncludes index. | ||
| 650 | _aAccounting—Moral and ethical aspects. | ||
| 650 | _aBusiness ethics. | ||
| 650 | _aFinancial statements—Moral and ethical aspects | ||
| 650 | _aAuditors—Professional ethics. | ||
| 700 | _aMiller, Bill. | ||
| 942 |
_2lcc _cBK |
||
| 999 |
_c367330 _d367330 |
||